The nigger of the "Narcissus",a tale of the sea / (Record no. 12094)

000 -LEADER
fixed length control field 00451nam a22001457a 4500
008 - FIXED-LENGTH DATA ELEMENTS--GENERAL INFORMATION
fixed length control field 210119b ||||| |||| 00| 0 eng d
082 00 - DEWEY DECIMAL CLASSIFICATION NUMBER
Edition number 23rd ed.
Classification number 823
Item number C7541
100 ## - MAIN ENTRY--PERSONAL NAME
9 (RLIN) 4320
Personal name Conrad, Joseph
245 10 - TITLE STATEMENT
Title The nigger of the "Narcissus",a tale of the sea /
250 ## - EDITION STATEMENT
Edition statement 22nd rep ed.
260 ## - PUBLICATION, DISTRIBUTION, ETC. (IMPRINT)
Place of publication, distribution, etc Melboure:
Name of publisher, distributor, etc William Heinemann,
Date of publication, distribution, etc 1948.
300 ## - PHYSICAL DESCRIPTION
Extent 259 p.
650 #0 - SUBJECT ADDED ENTRY--TOPICAL TERM
Topical term or geographic name as entry element English fiction
942 ## - ADDED ENTRY ELEMENTS (KOHA)
Item type Books
Holdings
Withdrawn status Lost status Source of classification or shelving scheme Damaged status Not for loan Permanent location Current location Date acquired Full call number Barcode Date last seen Koha item type
          IMU Kolkata IMU Kolkata 2021-01-19 823 C7541 F00113 2021-01-19 Books
Designed and Maintained by IMU-KC Library, Kolkata Campus © Copyright All Rights Reserved

webs counters

Powered by Koha